| 000 | 00789nam a2200265 a 4500 | ||
|---|---|---|---|
| 005 | 20250217034626.0 | ||
| 008 | 910401s1989 pl ac 001 0 pol d | ||
| 020 | _a8307016738 (pbk.) | ||
| 020 |
_a8307016738 : _c14:00 |
||
| 040 |
_aCaOLU _beng _cCaOLU _dCaOLU |
||
| 043 | _ae-pl--- | ||
| 082 | 0 |
_a891.85 _220 |
|
| 100 | 1 | _aWittlin, Tadeusz. | |
| 245 | 1 | 0 |
_aOstatnia cyganeria / _cTadeusz Wittlin. |
| 250 | _aWyd. 1. | ||
| 260 |
_aWarszawa : _bCzytelnik, _cc1989. |
||
| 300 |
_a338 p. : _bill., port.,facsims. ; _c20 cm. |
||
| 500 | _aIncludes index. | ||
| 600 | 1 | 0 | _aWittlin, Tadeusz. |
| 650 | 0 | _aSatire, Polish. | |
| 650 | 0 | _aPolish wit and humor. | |
| 651 | 0 |
_aWarsaw (Poland) _xIntellectual life _y20th century. |
|
| 942 |
_2z _cBK |
||
| 999 |
_c77499 _d77499 |
||